| 000 | 00651nam a22001937a 4500 | ||
|---|---|---|---|
| 999 |
_c194262 _d194262 |
||
| 005 | 20221212172557.0 | ||
| 010 | _aUR-11793 | ||
| 020 |
_a9789392496110 _c449.00 |
||
| 035 | _aU-10348 | ||
| 037 |
_bDBAD/PUB _a- |
||
| 082 | _a844 | ||
| 100 | _aکپور، کنھیا لال | ||
| 245 |
_aمیں دیکھتا چلا گیا / _cکنھیا لال کپور _hا ر د و |
||
| 246 |
_aMain Dekhta Chla Gya / _bby Kanhaiya Lal Kapoor |
||
| 260 |
_aNew Delhi _bEducational Publishing House _c2021 ء |
||
| 270 |
_aH.o. D1/16, Ansari Road, Darya Ganj _bNew Delhi _e110002 |
||
| 300 |
_a516 ص _c23cm(Hb) |
||
| 942 |
_2ddc _cUR _mک پ و _h844 |
||